000 00747nam a22001217a 4500
040 _cRUA
082 _aVEM HEN 2014 B436 O.1
100 _aHENG VANDA; ហេង​វណ្ណដា
245 _aStudy of semen quality by using different types liquefied domestic university of agriculture, សិក្សាពីគុណភាពទឹកកាមដោយប្រើប្រាស់ប្រភពពង្រាវផ្សេងគ្នារបស់ពូជមាន់ក្នុងស្រុក នៅសាកលវិទ្យាល័យភូមិន្ទកសិកម្ម
300 _aix,40p.
_bill.
_c29cm.
856 _uhttps://drive.google.com/file/d/1iznFNWcVoFNwri_A3ECMnnY0sSTLNxFt/view?usp=sharing
942 _cVEM
999 _c7109
_d7109